000 00574 a2200169 4500
999 _c8339
_d8339
020 _a9781420091595 (hardcover : alk. paper)
050 0 0 _aTK 5105.5 CHA 2010
100 1 _aChao, Lee,
_d1951-
_eauthor
245 1 0 _aNetworking systems design and development /
_cLee Chao.
264 _aLondon :
_bCRC Press
_c2010
300 _axix, 439 p. :
_bill. ;
500 _aIncludes index.
500 _a"An Auerbach book."
650 0 _aComputer networks.
942 _2lcc
_cBK
_h105.5
_iCHA
_kTKS